Твори в двох томах (Запис № 365781)

МАРК-запис
000 -Лідер
fixed length control field 00649nam a22002297a 4500
003 - Ідентифікатор контрольного номера
control field UA-OsUOA
001 - Контрольний номер
control field 79487
007 - Фіксоване поле фізичного опису
fixed length control field ta
008 - Елементи даних фіксованої довжини – загальна інформація
fixed length control field 20111110b un ||||| |||| 00| 0 ukr d
090 ## - Локальний шифр розміщення
Класифікаційний індекс УДК 821.161.2
Авторський знак (НП) К56
040 ## - Джерело каталогізації
Агенція оригінальної каталогізації UA-OsUOA
Мова каталогізації ukr
Агенція, яка здійснювала перезапис UA-OsUOA
Агенція, яка здійснювала модифікацію UA-OsUOA
041 ## - Код мови
Код мови тексту/ звукової доріжки чи окремого заголовка (П) ukr
080 ## - Індекс Універсальної десяткової класифікації
Індекс Універсальної десяткової класифікації (УДК) (НП) 821.161.2
100 ## - Основне введення – ім’я особи
Ім’я особи (НП) Ковінька О.
245 ## - Відомості про назву
Назва (НП) Твори в двох томах
Решта назви (НП) Гумористично-сатирична повість
Номер частини/ розділу роботи (П) 1
260 ## - Публікація, розповсюдження і т.п. (Вихідні дані)
Місце публікації, розповсюдження і т.п. (П) К.
Ім’я/ наймення видавництва, розповсюджувача і т.п. (П) Дніпро
Дата публікації, розповсюдження і т.п. (П) 1980
300 ## - Фізичний опис
Обсяг 464 с.
650 #7 - Додаткове предметне введення – тематичний термін
Тематичний термін чи географічна назва, як елемент введення (НП) 82 Література. Літературознавство
Джерело заголовка чи терміна UDC
942 ## - Додаткові елементи входу (Коха)
Тип елемента Koha Книги
955 ## - Код типу видання за змістом
Код типу видання за змістом (НП) Літературно-художні видання
Фонди
Стан вилучень Стан втрат Джерело класифікації або схеми стелажів Стан уражень Не для кредиту Код колекції Постійне місце розташування Поточне розміщення Дата придбання Джерело придбання Вартість, звичайна ціна покупки Інвентарний номер Усього замовленно Повний номер виклику Штрих-код Дата останнього перегляду Ціна ефективна від Тип елемента Koha
    Universal Decimal Classification     Колекція Василишина Р.Д. АБ - Абонемент НБ АБ - Абонемент НБ 10/11/2011 134/2011 16.00 135432   821.161.2 К56 135432 06/02/2022 10/11/2011 Книги
    Universal Decimal Classification       АБ - Абонемент НБ АБ - Абонемент НБ 12/11/2012     34500   821.161.2 К56 34500 29/03/2022 10/11/2011 Книги
    Universal Decimal Classification       АБ - Абонемент НБ АБ - Абонемент НБ 12/11/2012     36603   821.161.2 К56 36603 29/03/2022 10/11/2011 Книги
    Universal Decimal Classification       АБ - Абонемент НБ АБ - Абонемент НБ 12/11/2012     43465   821.161.2 К56 43465 29/03/2022 10/11/2011 Книги
    Universal Decimal Classification       АБ - Абонемент НБ АБ - Абонемент НБ 12/11/2012     45417   821.161.2 К56 45417 29/03/2022 10/11/2011 Книги